Missing Word: Man of Steel (2013) Cast Quiz Stats

 Plays Quiz Updated Nov 26, 2018

Challenge
Share
Tweet
Embed
Score 0/24 Timer 03:00
0 Plays Today
Clue Answer % Correct
Henry CavillHood
97.8%
Amy AdamsCatch
95.1%
Russell CroweRobin
94%
Henry CavillCount
91%
Kevin CostnerDances
90.1%
Kevin CostnerThieves
87.1%
Amy AdamsJulie
84.6%
Kevin CostnerField
80.4%
Michael ShannonSky
76.6%
Michael ShannonHarbor
75.7%
Amy AdamsYear
74.9%
Diane LaneTuscan
69.7%
Clue Answer % Correct
Kevin CostnerMessage
68%
Diane LaneDogs
62%
Michael ShannonDevil
61.2%
Henry CavillU.N.C.L.E.
54.1%
Russell CroweQuick
51.5%
Russell CroweState
51.2%
Diane LaneStorm
46.4%
Diane LaneNights
45.8%
Russell CroweGangster
36.4%
Michael ShannonRevolutionary
31.1%
Amy AdamsCleaning
22.9%
Henry CavillFallout
17.3%

Today's Daily Dose

Missing Word
TV HA - HZ

Word Ladder
Nordic Capital

On This Day
January 19th II

You're not logged in!

Compare scores with friends on all Sporcle quizzes.
OR
Log In

You Might Also Like...

Show Comments

Extras

Top Quizzes Today


Score Distribution

Your Account Isn't Verified!

In order to create a playlist on Sporcle, you need to verify the email address you used during registration. Go to your Sporcle Settings to finish the process.

Report this User

Report this user for behavior that violates our Community Guidelines.

Details: